000 00636nam a2200229 4500
008 b xx# eng u
010 _a30560
020 _a0194375145
020 _a9780194375146
040 _aLB-BrCRDP
082 _aS:E/M928e
100 1 _aMountford, Alan
130 0 _lEN
245 1 0 _aEnglish in agriculture
_cAlan Mountford
260 _aOxford
_bO.U.P.,
_c1977
300 _aviii, 113p. :
_bfigures, tables ;
_c23cm
490 0 _aEnglish in focus
650 _aEnglish language
_xstudy and teaching
650 _aAgriculture
_xstudy and teaching
942 _cBK
999 _c12280
_d12280